Vybrané náklady právnickej osoby a ich vplyv na daňové zaťaženie právnickej osoby vo vybranej krajine EÚ diplomová práca

Uložené v:
Podrobná bibliografia
Hlavný autor: Ivancová, Jana
Korporativný autor: Národohospodárska fakulta EU. Katedra financií
Ďalší autori: Kušnírová, Jana, 1977-
Médium: Kniha
Jazyk:Slovak
Vydavateľské údaje: Bratislava 2018
Tagy: Pridať tag
Žiadne tagy, Buďte prvý, kto otaguje tento záznam!

MARC

LEADER 00000nbm a2200000 4500
001 0244336
005 20181114103227.9
041 0 |a slo 
044 |a SK 
245 1 0 |a Vybrané náklady právnickej osoby a ich vplyv na daňové zaťaženie právnickej osoby vo vybranej krajine EÚ  |b diplomová práca  |c Jana Ivancová ; školiteľ: Jana Kušnírová 
264 1 |a Bratislava  |c 2018 
300 |a 64 s. 
100 1 |a Ivancová, Jana 
700 1 |a Kušnírová, Jana, 1977- 
710 2 |a Národohospodárska fakulta EU. Katedra financií